000 00833nam a22002417a 4500
003 DO-SdBNP
005 20220628101857.0
007 ta
008 220628b1995 dr ||||| |||| 00| 0 spa d
040 _aDO-SdBNP
_bspa
_cBNPHU
082 4 _a344.01
_bR426c, 1995
_222
110 2 _aRepública Dominicana
_9447
245 1 0 _aCódigo de trabajo de la República Dominicana y normas complementarias. /
_cpresentación Rafael Alburquerque.
260 _aSanto Domingo :
_bSecretaría de Estado de Trabajo,
_c1995.
300 _a492 p. :
_bil. ;
_c24 cm.
500 _aIncluye índices
590 _aInventariado, 2022/BT
650 4 _aDerecho laboral
_xLegislación
_zRepública Dominicana
_97806
650 4 _aDerecho al trabajo
_916432
700 1 _aAlburquerque, Rafael,
_epresentación
_97243
910 _aBtavárez
942 _2ddc
_cLBS1
999 _c52116
_d52116